000 00710nam a22002177a 4500
003 OSt
005 20160427163051.0
008 160214b xxu||||| |||| 00| 0 eng d
020 _a9789718214480
040 _cLIC
082 _22014
_aDFil 150
_bB328
100 _92928
_aBataga, Noemi U.
245 _aIntroduction to psychology:
_bconcepts & theories/
_cNoemi U. Bataga...[ and 3 more].
260 _aMalabon City:
_bMutya Publishing House, Inc.,
_c©2014.
300 _a169 pages:
_billustrations;
_c26 cm.
650 0 _92929
_aPsychology
700 _92930
_aCastro, Donnabelle A.
700 _92931
_aAbregana, Charmaine Grace L.
700 _92932
_aBagolong, Saidamin P.
_eContributor
942 _2ddc
_cDFIL
999 _c1072
_d1072